[Event "Medellin Aristizabal Cup"]
[Site "Medellin"]
[Date "2019.06.24"]
[Round "7"]
[White "Echavarria Ramirez, Juan Diego"]
[Black "Castano, Saray"]
[Result "1/2-1/2"]
[WhiteElo "1941"]
[BlackElo "1510"]
[PlyCount "57"]
[EventDate "2019.06.21"]
[EventType "swiss"]
[EventRounds "7"]
[EventCountry "COL"]
[SourceTitle "EXT 2020"]
[Source "ChessBase"]
[SourceDate "2019.10.17"]
[SourceVersion "1"]
[SourceVersionDate "2019.10.17"]
[SourceQuality "1"]

1. d4 Nf6 2. Nf3 g6 3. g3 Bg7 4. Bg2 0-0 5. c4 d6 6. Nc3 Nbd7 7. 0-0 c5 8. e4 cxd4 9. Nxd4 Rb8 10. b3 a6 11. Bb2 Nc5 12. Qd2 Ne6 13. Nce2 Nxd4 14. Nxd4 Bd7 15. Rfd1 Qc7 16. Rac1 Bc6 17. Nxc6 bxc6 18. c5 dxc5 19. Qg5 Nxe4 20. Bxe4 Bxb2 21. Rxc5 Rb5 22. Qe3 Rxc5 23. Qxc5 Rd8 24. Rxd8+ Qxd8 25. Qxc6 a5 26. Bd5 e6 27. Bc4 Qd2 28. a4 Bd4 29. Qf3 1/2-1/2

[Event "Medellin Aristizabal Cup"]
[Site "Medellin"]
[Date "2019.06.21"]
[Round "1"]
[White "Echavarria Ramirez, Juan Diego"]
[Black "Bejarano Lopez, Andres Felipe"]
[Result "1-0"]
[WhiteElo "1941"]
[BlackElo "1538"]
[PlyCount "49"]
[EventDate "2019.06.21"]
[EventType "swiss"]
[EventRounds "7"]
[EventCountry "COL"]
[SourceTitle "EXT 2020"]
[Source "ChessBase"]
[SourceDate "2019.10.17"]
[SourceVersion "1"]
[SourceVersionDate "2019.10.17"]
[SourceQuality "1"]

1. d4 f5 2. c4 Nf6 3. Nc3 c6 4. Nf3 g6 5. Bf4 Bg7 6. h3 d6 7. e3 0-0 8. Be2 Nbd7 9. Bh2 Ne4 10. Qc2 Qa5 11. 0-0 Nxc3 12. bxc3 Nf6 13. Bd3 c5 14. Rab1 b6 15. Rfe1 Ne8 16. e4 cxd4 17. cxd4 f4 18. e5 Bb7 19. Be4 Qa6 20. Rb4 Bxe4 21. Qxe4 Rc8 22. Bxf4 Rxc4 23. Qd5+ Kh8 24. Qxc4 Qxc4 25. Rxc4 1-0

[Event "COL-chB U2000"]
[Site "Antioquia"]
[Date "2018.12.08"]
[Round "5"]
[White "Echavarria Ramirez, Juan Diego"]
[Black "Toro Castaneda, Elizabeth"]
[Result "1/2-1/2"]
[WhiteElo "1938"]
[BlackElo "1938"]
[PlyCount "75"]
[EventDate "2018.12.06"]
[EventType "swiss"]
[EventRounds "7"]
[EventCountry "COL"]
[SourceTitle "CBM 190 Extra"]
[Source "ChessBase"]
[SourceDate "2019.07.15"]
[SourceVersion "1"]
[SourceVersionDate "2019.07.15"]
[SourceQuality "1"]

1. d4 Nf6 2. c4 g6 3. Nc3 Bg7 4. e4 d6 5. Nf3 0-0 6. h3 e5 7. d5 Nh5 8. Be2 Nf4 9. Bxf4 exf4 10. Qd2 Qf6 11. 0-0 g5 12. Rfe1 Nd7 13. Rad1 a6 14. Nd4 Ne5 15. Bh5 Nxc4 16. Qc2 Ne5 17. Na4 Bd7 18. Nc3 Kh8 19. f3 Nc4 20. Rd3 Qh6 21. Bg4 Bxg4 22. hxg4 Qh4 23. Rc1 Bxd4+ 24. Rxd4 Ne5 25. Ne2 Rac8 26. Rb4 b6 27. Nd4 Qh6 28. Nf5 Qf6 29. Rxb6 h5 30. Rxa6 hxg4 31. fxg4 Nxg4 32. Qe2 Ne5 33. Qh5+ Kg8 34. Ra3 Rfe8 35. Rh3 Ng6 36. Qh7+ Kf8 37. Qh6+ Kg8 38. Qh7+ 1/2-1/2

[Event "COL-chB U2000"]
[Site "Antioquia"]
[Date "2018.12.07"]
[Round "3"]
[White "Echavarria Ramirez, Juan Diego"]
[Black "Ramos Ariza, Juan Manuel"]
[Result "0-1"]
[WhiteElo "1938"]
[BlackElo "1920"]
[PlyCount "82"]
[EventDate "2018.12.06"]
[EventType "swiss"]
[EventRounds "7"]
[EventCountry "COL"]
[SourceTitle "CBM 190 Extra"]
[Source "ChessBase"]
[SourceDate "2019.07.15"]
[SourceVersion "1"]
[SourceVersionDate "2019.07.15"]
[SourceQuality "1"]

1. d4 Nf6 2. Nf3 e6 3. c4 Bb4+ 4. Bd2 Bxd2+ 5. Nbxd2 d5 6. e3 0-0 7. Bd3 b6 8. 0-0 dxc4 9. Nxc4 Bb7 10. Rc1 Nbd7 11. Qe2 Qe7 12. Nce5 c5 13. Nxd7 Nxd7 14. Rfd1 e5 15. Ba6 Bxa6 16. Qxa6 e4 17. Nd2 cxd4 18. exd4 e3 19. Nf3 exf2+ 20. Kxf2 Nf6 21. Re1 Qb4 22. b3 Qd6 23. Kg1 Nd5 24. a3 Nf4 25. g3 Nd5 26. Re5 Nf6 27. b4 Ng4 28. Re2 Rfd8 29. Qb7 h5 30. Rc6 Qd5 31. Rc7 Qb3 32. Rd7 Rf8 33. Qd5 Qxd5 34. Rxd5 Nf6 35. Rde5 Rfc8 36. Kg2 Rc3 37. R5e3 Rac8 38. h3 Kf8 39. Kf2 Rxe3 40. Rxe3 Rc2+ 41. Kf1 g6 0-1

[Event "COL-chB U2000"]
[Site "Antioquia"]
[Date "2018.12.06"]
[Round "1"]
[White "Echavarria Ramirez, Juan Diego"]
[Black "Acevedo Del Rio, Andres F"]
[Result "1/2-1/2"]
[WhiteElo "1938"]
[BlackElo "1822"]
[PlyCount "52"]
[EventDate "2018.12.06"]
[EventType "swiss"]
[EventRounds "7"]
[EventCountry "COL"]
[SourceTitle "CBM 190 Extra"]
[Source "ChessBase"]
[SourceDate "2019.07.15"]
[SourceVersion "1"]
[SourceVersionDate "2019.07.15"]
[SourceQuality "1"]

1. d4 Nf6 2. Nf3 e6 3. c4 c5 4. Nc3 b6 5. d5 d6 6. e4 exd5 7. exd5 Bg4 8. Be2 Be7 9. 0-0 0-0 10. h3 Bh5 11. Bf4 Re8 12. Re1 a6 13. Qc2 Bg6 14. Bd3 b5 15. Bxg6 hxg6 16. cxb5 axb5 17. Nxb5 Na6 18. Nc3 Qd7 19. a3 Reb8 20. Rab1 Ra7 21. Nd2 Nc7 22. Qd3 Rab7 23. Nc4 Rb3 24. Na5 Rxb2 25. Nc6 Rxb1 26. Nxb1 Rd8 1/2-1/2

[Event "Medellin Conconcreto op"]
[Site "Medellin"]
[Date "2018.01.25"]
[Round "2"]
[White "Herrera, Milena"]
[Black "Echavarria Ramirez, Juan Diego"]
[Result "1-0"]
[WhiteElo "2061"]
[BlackElo "1925"]
[PlyCount "83"]
[EventDate "2018.01.24"]
[EventType "swiss"]
[EventRounds "7"]
[EventCountry "COL"]
[SourceTitle "CBM 182 Extra"]
[Source "ChessBase"]
[SourceDate "2018.02.23"]
[SourceVersion "1"]
[SourceVersionDate "2018.02.23"]
[SourceQuality "1"]

1. e4 e5 2. Nc3 Nf6 3. f4 d6 4. Nf3 Bg4 5. h3 Bxf3 6. Qxf3 Nc6 7. Bb5 a6 8. Bxc6+ bxc6 9. d3 Be7 10. 0-0 0-0 11. Ne2 Nd7 12. f5 Bg5 13. Be3 Bxe3+ 14. Qxe3 d5 15. Kh2 Qe7 16. Rae1 f6 17. g4 Qc5 18. Qxc5 Nxc5 19. Nc3 Rab8 20. b3 Rfd8 21. Re2 Kf7 22. Rg1 h6 23. Rge1 dxe4 24. Nxe4 Nxe4 25. Rxe4 c5 26. Ra4 Rb6 27. Ree4 Rd4 28. Kg3 g5 29. Rc4 Rd5 30. a3 Ke7 31. h4 Kd6 32. hxg5 hxg5 33. Re2 Rd4 34. Rh2 Kd5 35. Rh7 Rxc4 36. dxc4+ Kd4 37. Rxc7 Kc3 38. Rxc5 Kxc2 39. b4 Kb3 40. b5 a5 41. Rc6 Rb7 42. b6 1-0

[Event "American Continental 13th"]
[Site "Medellin"]
[Date "2017.06.16"]
[Round "9"]
[White "Meza Galvan, Luis A"]
[Black "Echavarria Ramirez, Juan Diego"]
[Result "0-1"]
[WhiteElo "1757"]
[BlackElo "1924"]
[PlyCount "43"]
[EventDate "2017.06.10"]
[EventType "swiss"]
[EventRounds "11"]
[EventCountry "COL"]
[SourceTitle "EXT 2018"]
[Source "ChessBase"]
[SourceDate "2017.10.13"]
[SourceVersion "1"]
[SourceVersionDate "2017.10.13"]
[SourceQuality "1"]

1. e4 e5 2. Nf3 Nc6 3. d4 exd4 4. Nxd4 Nf6 5. Nxc6 bxc6 6. e5 Nd5 7. c4 Nb6 8. Nc3 Be7 9. Qg4 g6 10. Bh6 d5 11. Qf3 Be6 12. 0-0-0 Bg5+ 13. Bxg5 Qxg5+ 14. Kb1 0-0 15. Qg3 Qxg3 16. hxg3 dxc4 17. Ne4 Bf5 18. f3 Bxe4+ 19. fxe4 Rfe8 20. Be2 Rxe5 21. Bf3 Rb8 22. Rh6 0-1

[Event "American Continental 13th"]
[Site "Medellin"]
[Date "2017.06.12"]
[Round "4"]
[White "Echavarria Ramirez, Juan Diego"]
[Black "Zapata Cuartas, Juan Carlos"]
[Result "0-1"]
[WhiteElo "1924"]
[BlackElo "2110"]
[PlyCount "50"]
[EventDate "2017.06.10"]
[EventType "swiss"]
[EventRounds "11"]
[EventCountry "COL"]
[SourceTitle "CBM 178 Extra"]
[Source "ChessBase"]
[SourceDate "2017.06.22"]
[SourceVersion "1"]
[SourceVersionDate "2017.06.22"]
[SourceQuality "1"]

1. d4 Nf6 2. c4 e6 3. Nf3 b6 4. g3 Ba6 5. b3 Bb4+ 6. Bd2 Be7 7. Bc3 0-0 8. Nbd2 c6 9. Bg2 d5 10. 0-0 Nbd7 11. Qc2 Rc8 12. Rfe1 c5 13. dxc5 Bxc5 14. Qb2 dxc4 15. bxc4 Qc7 16. Ne5 Bxf2+ 17. Kxf2 Nxe5 18. Kg1 Neg4 19. e3 Bxc4 20. Rac1 b5 21. h3 Qxg3 22. hxg4 Nxg4 23. Nf3 f6 24. Rcd1 Rc5 25. Bb4 Rf5 0-1

[Event "COL-ch sf"]
[Site "Medellin"]
[Date "2014.??.??"]
[Round "3"]
[White "Echavarria Ramirez, Juan Diego"]
[Black "Henao, Bernardo Andres"]
[Result "0-1"]
[WhiteElo "1771"]
[BlackElo "2094"]
[PlyCount "90"]
[EventDate "2014.04.15"]
[EventType "swiss"]
[EventRounds "11"]
[EventCountry "COL"]
[SourceTitle "CBM 160 Extra"]
[Source "ChessBase"]
[SourceDate "2014.07.01"]
[SourceVersion "1"]
[SourceVersionDate "2014.07.01"]
[SourceQuality "1"]

1. d4 Nf6 2. c4 e5 3. dxe5 Ng4 4. Nf3 Bc5 5. e3 Nc6 6. Be2 Ngxe5 7. 0-0 0-0 8. a3 a5 9. b3 Qf6 10. Nd4 Nxd4 11. exd4 Bxd4 12. Bg5 Bxf2+ 13. Rxf2 Qxg5 14. Nc3 d6 15. Qc2 Bg4 16. Bd3 h6 17. Raf1 Rae8 18. Kh1 Nxd3 19. Qxd3 Re3 20. Qd4 Qe5 21. Qxg4 Qxc3 22. Qd7 Re1 23. Qxc7 Rxf1+ 24. Rxf1 Qxb3 25. Qxd6 Qxc4 26. Rb1 Rc8 27. h3 Qe4 28. Rb3 Qc6 29. Qxc6 Rxc6 30. Rxb7 Rc3 31. a4 Rc4 32. Ra7 Rxa4 33. Kh2 Ra1 34. Kg3 a4 35. h4 a3 36. Rb7 a2 37. Ra7 h5 38. Ra8+ Kh7 39. Ra6 f6 40. Ra7 Kg6 41. Ra5 Kf7 42. Ra6 Ke7 43. Kf2 g5 44. g3 gxh4 45. gxh4 Rh1 0-1

[Event "COL-ch sf"]
[Site "Medellin"]
[Date "2014.??.??"]
[Round "4"]
[White "Echavarria Ramirez, Juan Diego"]
[Black "Piraquive, Alberto"]
[Result "0-1"]
[WhiteElo "1771"]
[BlackElo "1913"]
[PlyCount "32"]
[EventDate "2014.04.15"]
[EventType "swiss"]
[EventRounds "11"]
[EventCountry "COL"]
[SourceTitle "CBM 160 Extra"]
[Source "ChessBase"]
[SourceDate "2014.07.01"]
[SourceVersion "1"]
[SourceVersionDate "2014.07.01"]
[SourceQuality "1"]

1. d4 e6 2. Nf3 f5 3. c4 d5 4. cxd5 exd5 5. Nc3 Nf6 6. Bg5 c6 7. e3 Bd6 8. Bd3 0-0 9. 0-0 Qe8 10. Bxf6 Rxf6 11. Qc2 Qh5 12. Qe2 Rh6 13. g3 f4 14. Nh4 Bg4 15. f3 fxg3 16. fxg4 Qxh4 0-1

[Event "North Region-ch U14"]
[Site "Uribia"]
[Date "2011.04.15"]
[Round "4.1"]
[White "Echavarria Ramirez, Juan Diego"]
[Black "Duran Barraza, Mateo Andres"]
[Result "0-1"]
[WhiteElo "1589"]
[BlackElo "1613"]
[PlyCount "117"]
[EventDate "2011.04.14"]
[EventType "swiss"]
[EventRounds "6"]
[EventCountry "COL"]
[SourceTitle "EXT 2024"]
[Source "ChessBase"]
[SourceDate "2023.10.10"]
[SourceVersion "1"]
[SourceVersionDate "2023.10.10"]
[SourceQuality "1"]

1. e4 c5 2. Nc3 d6 3. f4 Nc6 4. Nf3 Nf6 5. Bb5 a6 6. Bxc6+ bxc6 7. 0-0 g6 8. d3 Bg7 9. Kh1 0-0 10. Qe1 Qc7 11. Qf2 Bd7 12. Bd2 Rfe8 13. h3 Rab8 14. Rab1 Qc8 15. Ne2 Be6 16. b3 Nd7 17. Ng5 Nb6 18. Qh4 h6 19. Nxe6 fxe6 20. f5 g5 21. Bxg5 hxg5 22. Qxg5 exf5 23. Rxf5 Qe6 24. Nf4 Qh6 25. Nh5 Rf8 26. Nxg7 Qxg7 27. g4 Qxg5 28. Rxg5+ Kh7 29. Kg2 Rf6 30. Kg3 Rbf8 31. Rf5 Nd7 32. Rbf1 e6 33. R5f4 Kg6 34. h4 Rxf4 35. Rxf4 Rxf4 36. Kxf4 e5+ 37. Kf3 Nf6 38. c4 Nd7 39. Ke3 Nf8 40. Kd2 Ne6 41. a3 a5 42. Kc3 Nf4 43. b4 axb4+ 44. axb4 cxb4+ 45. Kxb4 Nxd3+ 46. Ka5 Nc5 47. Kb6 Nxe4 48. Kxc6 Nc5 49. Kd5 Kf6 50. h5 Kg5 51. Kxd6 e4 52. Kxc5 e3 53. Kb6 e2 54. c5 e1Q 55. c6 Qb4+ 56. Ka6 Qxg4 57. Kb7 Qb4+ 58. Kc8 Kf6 59. c7 0-1

[Event "Medellin Region U12"]
[Site "Medellin"]
[Date "2010.02.??"]
[Round "6.4"]
[White "Soto Hincapie, Emmanuel"]
[Black "Echavarria Ramirez, Juan Diego"]
[Result "1-0"]
[WhiteElo "1488"]
[BlackElo "1454"]
[PlyCount "55"]
[EventDate "2010.02.03"]
[EventType "tourn"]
[EventRounds "7"]
[EventCountry "COL"]
[SourceTitle "EXT 2024"]
[Source "ChessBase"]
[SourceDate "2023.10.10"]
[SourceVersion "1"]
[SourceVersionDate "2023.10.10"]
[SourceQuality "1"]

1. e4 e5 2. Nf3 Nc6 3. Bc4 Bc5 4. c3 Nf6 5. d4 exd4 6. cxd4 Bb4+ 7. Nc3 Nxe4 8. Bd2 Nxd2 9. Qe2+ Qe7 10. Qxe7+ Bxe7 11. Nxd2 Nxd4 12. 0-0 0-0 13. Rfe1 Bg5 14. Rad1 d6 15. Nde4 Nf3+ 16. gxf3 Bh6 17. Nd5 Bh3 18. Nxc7 Rac8 19. Ne6 fxe6 20. Bxe6+ Bxe6 21. Nxd6 Rc6 22. Rxe6 Rd8 23. Kg2 Bf4 24. Nxb7 Rxd1 25. Rxc6 Rd2 26. a4 Rxb2 27. Nd6 Ra2 28. Rc8# 1-0

[Event "Medellin Region U12"]
[Site "Medellin"]
[Date "2010.02.??"]
[Round "2.2"]
[White "Zapata Arbelaes, Estiven"]
[Black "Echavarria Ramirez, Juan Diego"]
[Result "1/2-1/2"]
[WhiteElo "1976"]
[BlackElo "1454"]
[PlyCount "54"]
[EventDate "2010.02.03"]
[EventType "tourn"]
[EventRounds "7"]
[EventCountry "COL"]
[SourceTitle "EXT 2024"]
[Source "ChessBase"]
[SourceDate "2023.10.10"]
[SourceVersion "1"]
[SourceVersionDate "2023.10.10"]
[SourceQuality "1"]

1. e4 e5 2. Nf3 Nc6 3. Bc4 Bc5 4. c3 Nf6 5. d4 exd4 6. cxd4 Bb4+ 7. Bd2 Bxd2+ 8. Nbxd2 d5 9. exd5 Nxd5 10. Qb3 Nce7 11. 0-0 0-0 12. Rfe1 b6 13. Ne4 Bb7 14. Qc2 h6 15. Rad1 Ng6 16. Ne5 Ndf4 17. Nxg6 Nxg6 18. Ng3 Qf6 19. Qf5 Qc6 20. Bf1 Rad8 21. f3 Rd5 22. Qe4 Qa4 23. b3 Qc6 24. Bc4 Rd6 25. Qxc6 Bxc6 26. Nf5 Rd7 27. Bd3 Bd5 1/2-1/2